000 00569nam a2200217 a 4500
001 BRL_1475
005 20190320211226.0
008 230114s1978----mx-ao#####---#000-0#spa-#
041 _aspa
044 _amx
050 4 _aGT4811.C4
_b.F54 1978
245 1 0 _aFiesta de San Sebastian, Chiapa de Corzo
260 _aMéxico
_b[s.n.]
_c1978
300 _a94 p.
_bil.
_c20 cm.
500 _aAu1763
600 1 4 _aSebastian
_cSanto
_927037
650 1 4 _aFestivales
_zChiapas
_927038
650 1 4 _aFestividades religiosas
_zChiapas
_927039
902 _aGRL
942 _2lcc
_cB
999 _c10285
_d10285